000 00346nam a22001457a 4500
003 OSt
005 20160727222421.0
008 160628b xxu||||| |||| 00| 0 eng d
040 _cTEST
100 _91257
_aPrentice Hall of India
245 _aA Common Faith
260 _aNEW DELHI
_bPRENTICE
_c1988
300 _aA Common Faith
942 _2ddc
_cBK
999 _c1030
_d1030